Groups of Things - Harry Potter Houses - Statistics

General Stats
  • This quiz has been taken 197 times
  • The average score is 24 of 32
Answer Stats
Answer % Correct
Blue
99%
Green
99%
Red
99%
Yellow
99%
Snake
91%
Lion
87%
Nearly-Headless Nick
85%
Severus Snape
84%
Godric Gryffindor
82%
Brave
81%
Helga Hufflepuff
81%
Sword
81%
Salazar Slytherin
80%
Smart
78%
Loyal
76%
Rowena Ravenclaw
76%
Diadem
75%
Minerva McGonagall
75%
Cup
74%
Badger
72%
Filius Flitwick
72%
Grey Lady
71%
Bloody Baron
70%
Eagle
70%
Pomona Sprout
70%
Ambitious
69%
Locket
69%
Fat Friar
60%
Rubies
37%
Emeralds
35%
Sapphires
32%
Yellow diamonds
22%
No matching quizzes found
Score Distribution
Percent of People with Each Score
Percentile by Number Answered
Your Score History
You have not taken this quiz